Sinh thái học Phần thực tập

Spremljeno u:
Bibliografski detalji
Glavni autor: TRỊNH THỊ THANH
Format: Knjiga
Jezik:Undetermined
Izdano: H. ĐHQG 2001
Teme:
Oznake: Dodaj oznaku
Bez oznaka, Budi prvi tko označuje ovaj zapis!
Thư viện lưu trữ: Trung tâm Học liệu Trường Đại học Cần Thơ
LEADER 00513nam a2200193Ia 4500
001 CTU_50581
008 210402s9999 xx 000 0 und d
082 |a 577.078 
082 |b Th107 
100 |a TRỊNH THỊ THANH 
245 0 |a Sinh thái học 
245 0 |b Phần thực tập 
245 0 |c TRỊNH THỊ THANH, Lưu Lan Hương 
260 |a H. 
260 |b ĐHQG 
260 |c 2001 
650 |a ecology 
650 |x experiments 
980 |a Trung tâm Học liệu Trường Đại học Cần Thơ